000 00779nam a2200265Ia 4500
003 OSt
005 20220930074758.0
006 a|||||r|||| 00| 0
007 ta
008 220926b |||||||| |||| 00| 0 hin d
024 _a75512
037 _cTheses
040 _aCRL
_cCRL
_bhin
041 _2hin
_ahin
100 _aSharma Kanan
_9534710
110 _aUniversity of Delhi. Faculty of Arts. Department of Sanskrit
245 0 _aRas siddhant ki darshnik mimansa
260 _c1997
300 _a227p.
_ap.
_ccm.
650 _aSANSKRIT
700 _a Prof. Brij Mohan Chaturvedi Gu.
_9534711
700 _aUniversity of Delhi. Faculty of Arts. Department of Sanskrit
942 _cDIS
_2CC
999 _c867065
_d867065